Nekompletný bankový sektor
Podporná banka - špeciálna úverová inštitúcia na podporu rozvoja malého a stredného podnikania. Jej funkcie. Autonómne rozhodovanie podpornej banky bez zásahov štátu. Vstup na miestny a neskôr na medzinárodný kapitálový trh.
Na minha lista:
| Autor principal: | |
|---|---|
| Formato: | Capítulo de Livro |
| Idioma: | eslovaco |
| Assuntos: | |
| Tags: |
Sem tags, seja o primeiro a adicionar uma tag!
|
MARC
| LEADER | 00000naa a2200000 4500 | ||
|---|---|---|---|
| 001 | r019473 | ||
| 005 | 20221213095820.6 | ||
| 041 | 0 | |a slo | |
| 044 | |a SK | ||
| 245 | 1 | 0 | |a Nekompletný bankový sektor |c P. Holík |
| 520 | |a Podporná banka - špeciálna úverová inštitúcia na podporu rozvoja malého a stredného podnikania. Jej funkcie. Autonómne rozhodovanie podpornej banky bez zásahov štátu. Vstup na miestny a neskôr na medzinárodný kapitálový trh. | ||
| 610 | 2 | 0 | |a Slovensko |
| 610 | 2 | 0 | |a banky |
| 610 | 2 | 0 | |a podpora podnikania |
| 610 | 2 | 0 | |a podnik malý |
| 610 | 2 | 0 | |a podnik stredný |
| 610 | 2 | 0 | |a trh kapitálový |
| 100 | 1 | |a Holík, P. | |